000 00785nam a2200253Ia 4500
003 OSt
005 20230427150844.0
008 210423s2006 xx 000 0 und d
020 _a978-0-471-48939-9
040 _cAL
041 _aeng
082 _a541.22
_223
_bVINM
100 _aVINCENT (Alan)
_994235
245 _aMolecular symmetry and group theory Ed 2
245 2 _bA programmed introduction to chemical applications
250 _a2
260 _aChichester
_bJohn Wiley & Sons
_c2006
300 _ax,191
_bPB
365 _b3655.4
_cUSD
650 _aChemistry
_994236
650 _aPhysical & Theoretical Chemistry
_994237
906 _aapplications ; chemical ; group ; introduction ; intrroduction ; Molecular ; programmed ; symmetry ; theory
942 _2ddc
_cBK
999 _c170398
_d170398